L'estate addosso /

محفوظ في:
التفاصيل البيبلوغرافية
المؤلف الرئيسي: Jovanotti (الملحن)
مؤلفون آخرون: Caimi, Paolo (المصور), Donvito, Fabrizio (المنتج), Cohen, Marco (المنتج), Habib, Benedetto (المنتج), Rothe, Jessica (ممثل), Muccino, Gabriele (المدير, سيناريست), Pacitto, Brando (ممثل), Nall, Dale (سيناريست), Lutz, Matilda (ممثل), Frey, Taylor (ممثل), Haro, Joseph (ممثل), Bakula, Scott (ممثل)
التنسيق: شريحة
اللغة:الإيطالية
منشور في: [Roma] : 01 Distribution : Rai Cinema, 2017
الوسوم: إضافة وسم
لا توجد وسوم, كن أول من يضع وسما على هذه التسجيلة!

MARC

LEADER 00000ngm a22000007i 4500
001 IT\ICCU\TO0\1983958
003 ItRI
005 20260124182831.0
008 170308s2017 it |||||||||||||||k|||||c
024 3 1 |a 8032807066479 
028 4 2 |a 06647  |b 01 Distribution 
040 |b ita 
041 7 |a ita  |2 ISO-639-2 
130 2 |a L'estate addosso <film ; 2016>  |3 IT\ICCU\TO0\1984055 
245 0 2 |a L'estate addosso /  |c un film di Gabriele Muccino ; [con] Brando Pacitto ... [et al.] ; [prodotto da Marco Cohen, Benedetto Habib, Fabrizio Donvito ; fotografia Paolo Caimi ; musiche originali di Lorenzo Jovanotti Cherubini]. 
260 |a [Roma] :  |b 01 Distribution :  |b Rai Cinema,  |c 2017 
300 |a 1 DVD-video (99 min) :  |b color., sonoro 
500 |a Titolo del contenitore 
500 |a Prima del titolo: Indiana Production e RAI Cinema presentano 
500 |a Produzione cinematografica Italia 2016 
500 |a Sottotitoli: italiano per non udenti 
500 |a Altri interpreti: Matilda Anna Ingrid Lutz, Taylor Frey, Joseph Haro, Guglielmo Poggi 
500 |a Etichetta: Indiana Production, Rai Cinema, 01 Production 
500 |a ℗2017 01 Distribution 
500 |a Caratteristiche tecniche: area 2; PAL, video 2,40:1, 16:9 widescreen; audio Dolby digital 5.1 
500 |a Contenuti extra: trailer; videoclip. 
700 1 |a Caimi, Paolo  |0 IT\ICCU\DDSV\285001  |4 pht 
700 1 |a Donvito, Fabrizio  |0 IT\ICCU\DDSV\287156  |4 pro 
700 1 |a Cohen, Marco  |0 IT\ICCU\DDSV\287157  |4 pro 
700 1 |a Habib, Benedetto  |0 IT\ICCU\DDSV\325135  |4 pro 
700 1 |a Rothe, Jessica  |0 IT\ICCU\DDSV\370050  |4 act 
700 1 |a Muccino, Gabriele  |0 IT\ICCU\FERV\075197  |4 drt 
700 1 |a Muccino, Gabriele  |0 IT\ICCU\FERV\075197  |4 sce 
700 1 |a Pacitto, Brando  |0 IT\ICCU\LO1V\417696  |4 act 
700 1 |a Nall, Dale  |0 IT\ICCU\LO1V\451402  |4 sce 
700 1 |a Lutz, Matilda  |0 IT\ICCU\MODV\661457  |4 act 
700 0 |a Jovanotti  |0 IT\ICCU\RAVV\092953  |4 cmp 
700 1 |a Frey, Taylor  |0 IT\ICCU\TO0V\690935  |4 act 
700 1 |a Haro, Joseph  |0 IT\ICCU\TO0V\690936  |4 act 
700 1 |a Bakula, Scott  |0 IT\ICCU\UBOV\820544  |4 act 
710 2 |a Rai Cinema  |0 IT\ICCU\UBOV\404761  |4 pbl 
790 1 |a Cherubini, Lorenzo  |3 IT\ICCU\CFIV\151458  |z Jovanotti 
790 1 |a Jovanotti, Lorenzo  |3 IT\ICCU\CFIV\170403  |z Jovanotti 
790 1 |a Jovanotti Cherubini, Lorenzo  |3 IT\ICCU\SBNV\030172  |z Jovanotti 
790 1 |a Haro, Jose  |3 IT\ICCU\RAVV\693066  |z Haro, Joseph 
942 |2 ddc  |c VM  |n 0 
952 |0 0  |1 0  |4 0  |6 VO_2350_000000000000000  |7 0  |9 26929  |a BO  |b BO  |d 2026-01-24  |i 19011  |l 0  |o VO 2350  |p BO19011  |r 2026-01-24 18:28:31  |w 2026-01-24  |x [Sebina 5] [1 dvd]  |y VM  |z 1 dvd 
999 |c 22779  |d 22779